Počítačové modelovanie a simulácia leteckých motorov

Modelovanie a simulácia - nástroje pre riešenie problémov a zároveň dva relatívne nezávislé, obsahom odlišné, ale časovo nadväzujúce procesy. Priblíženie pojmov. Letecký motor a proces jeho simulovania.

Gespeichert in:
Bibliographische Detailangaben
1. Verfasser: Daneshjo, Naqibullah, 1964-
Weitere Verfasser: Korba, Peter, Iľaščíková, Lucia
Format: Buchkapitel
Sprache:Slowakisch
Schlagworte:
Tags: Tag hinzufügen
Keine Tags, Fügen Sie das erste Tag hinzu!

MARC

LEADER 00000naa a2200000 4500
001 0270645
005 20240502074237.7
041 0 |a slo 
044 |a SK 
245 1 0 |a Počítačové modelovanie a simulácia leteckých motorov  |c Naqibullah Daneshjo, Peter Korba, Lucia Iľaščíková 
520 |a Modelovanie a simulácia - nástroje pre riešenie problémov a zároveň dva relatívne nezávislé, obsahom odlišné, ale časovo nadväzujúce procesy. Priblíženie pojmov. Letecký motor a proces jeho simulovania. 
610 2 0 |a doprava letecká 
610 2 0 |a lietadlá 
610 2 0 |a simulácia 
610 2 0 |a modelovanie 
100 1 |a Daneshjo, Naqibullah, 1964- 
700 1 |a Korba, Peter 
700 1 |a Iľaščíková, Lucia